[Event "COL-ch U10"]
[Site "Villavicencio"]
[Date "2013.06.15"]
[Round "5.7"]
[White "Cotes Ontibon, Juan Sebastian"]
[Black "Talero Hernandez, Juan Pablo"]
[Result "1-0"]
[WhiteElo "1910"]
[BlackElo "1309"]
[PlyCount "51"]
[EventDate "2013.06.13"]
[EventType "swiss"]
[EventRounds "7"]
[EventCountry "COL"]
[SourceTitle "EXT 2024"]
[Source "ChessBase"]
[SourceDate "2023.10.10"]
[SourceVersion "1"]
[SourceVersionDate "2023.10.10"]
[SourceQuality "1"]

1. e4 e5 2. Nf3 Nc6 3. Bb5 a6 4. Ba4 b5 5. Bb3 Bc5 6. 0-0 Nf6 7. d3 0-0 8. a3 d6 9. Bg5 Bd7 10. Nc3 Bg4 11. Nd5 h6 12. Bh4 Bxf3 13. Qxf3 g5 14. Nxf6+ Kg7 15. Nh5+ Kg8 16. Nf6+ Kg7 17. Nh5+ Kg8 18. Bg3 Nd4 19. Qf6 Ne2+ 20. Kh1 Qxf6 21. Nxf6+ Kg7 22. Nd7 Nxg3+ 23. fxg3 Rfe8 24. Rxf7+ Kg8 25. Nf6+ Kh8 26. Rh7# 1-0